1472 1222 1557 1117 1936 1677 1528 1707 1023 1147 1671 1254 1827 1509 1563 1012 1891 1589 1746 1604 1645 1176 1843 1100 1331 1991 1907 1634 1235 1447 1646 1833 1694 1984 1127 1119 1869 1945 1180 1577 1292 1514 1813 1933 1292 1847 1838 1474 1101 1971 1044 1001 1386 1625 1991 1077 1770 1483 1740 1630 1795 1970 1156 1164 1901 1487 1224 1859 1434 1175 1685 1709 1844 1036 1607 1616 1143 1033 1029 1557 1332 1875 1532 1166 1216 1391 1594 1355 1291 1022 1058 1299 1224 1501 1531 1182 1101 1420 1791 BCNSPRNW ULIB Ver.6.0+V

เปลี่ยนเป็นภาษาไทย

Change to English
 แสดงรายละเอียดบรรณานุกรม
  กลับหน้าหลัก

Brief Record : Get Marc (ISO 2709) : E-mail record : QR code < ปิดหน้าต่าง
LEADER : 00000nam 2200000uu 4500
001    13399126500
003     ULIB
008    180926s2560||||th 000 0 tha d
020    ^a9786163981790
060 04 ^aWY85^bพ434
245 00 ^aพฤติกรรมจริยธรรมของพยาบาลวิชาชีพ =^bEthical behaviors of professional nurses /^cบรรณาธิการ, อุดมรัตน์ สงวนศิริธรรม, สมใจ ศิระกมล
246 31 ^aEthical behaviors of professional nurses
250    ^aพิมพ์ครั้งที่ 2
260    ^aเชียงใหม่ :^bคณะพยาบาลศาสตร์ มหาวิทยาลัยเชียงใหม่,^c2560
300    ^a137 หน้า ;^c25 ซม.
505 0  ^a^tบทที่ 1 ที่มาของพฤติกรรมจริยธรรม --^tบทที่ 2 พฤติกรรมจริยธรรมกับวิชาชีพการพยาบาล --^tบทที่ 3 สิ่งที่เกี่ยวข้องกับพฤติกรรมจริยธรรม --^tบทที่ 4 การแสดงพฤติกรรมจริยธรรมของพยาบาล --^tบทที่ 5 ปัญหาพฤติกรรมจริยธรรมของพยาบาล --^tบทที่ 6 การส่งเสริมพฤติกรรมจริยธรรมของพยาบาล
650  2 ^aEthics, Nursing
650  4 ^aจรรยาบรรณพยาบาล
700 0  ^aอุดมรัตน์ สงวนศิริธรรม,^eบรรณาธิการ
700 0  ^aสมใจ ศิระกมล,^eบรรณาธิการ
710 2  ^aมหาวิทยาลัยเชียงใหม่.^bคณะพยาบาลศาสตร์
856    ^a^zพฤติกรรมจริยธรรมของพยาบาลวิชาชีพ(10046379).pdf (สารบัญหนังสือ)^uhttp://61.19.69.198/ULIB//_fulltext/Content ::/13399133259/20180418080545_1401.pdf
945    ^p180^l0^i26695
999    ^aกัณชพร จุลอักษร
รายการนี้ยังไม่มีแท็ก
คุณยังไม่ได้ล็อกอิน คุณสามารถมีกิจกรรมร่วมกับเว็บไซต์ได้ แต่ต้องล็อกอินก่อน ::
  ล็อกอิน

รายการสื่อสารสนเทศ

ลำดับที่ ประเภท เลขเรียก/บาร์โค้ด สถานที่ สถานะ
1. วิทยาศาสตร์การแพทย์ และสุขภาพ
วิทยาศาสตร์การแพทย์ และสุขภาพ
WY85 พ434 ฉ.1 
  Barcode: 26695
ห้องสมุดวิทยาเขตนครสวรรค์
►หนังสือทั่วไป:l:General Books
บนชั้น

รายการใกล้เคียง
    หัวเรื่อง [Ethics, Nursing]
    หัวเรื่อง [จรรยาบรรณพยาบาล]

BibComment


ยังไม่เคยถูกคอมเมนท์

คอมเมนท์ทรัพยากรรายการนี้
  คอมเมนท์: พฤติกรรมจริยธรรม..


 Copyright 2026. Bcnsprnw @Library